| 000 | 01361nam a2200409 a 4500 | ||
|---|---|---|---|
| 001 | 3215 | ||
| 003 | BD-DhEWU | ||
| 005 | 20181125120532.0 | ||
| 008 | 940330s1992 enka g 000 0 eng d | ||
| 020 | _a0582088283 | ||
| 020 | _a0582245893 | ||
| 020 | _a9780582245891 | ||
| 035 | _a(OCoLC)30110941 | ||
| 040 |
_aBD-DhEWU _beng _cBD-DhEWU |
||
| 041 | _aeng | ||
| 082 | 0 | 4 |
_a822.33 _bSHJ 1992 |
| 092 | _aD0501509885 | ||
| 100 | 1 |
_aShakespeare, William, _d1564-1616. _913357 |
|
| 245 | 1 | 0 |
_aJulius Caesar / _cWilliam Shakespeare ; editor: Jacqueline Fisher |
| 250 | _aRev. ed | ||
| 260 |
_aHarlow : _bLongman, _cc1992. |
||
| 300 |
_axxv, 326 p : _bill. ; _c21 cm. |
||
| 490 | 1 | _aLongman literature Shakespeare | |
| 500 | _aPrevious ed.: 1992 | ||
| 526 | _aEnglish | ||
| 590 | _aTahur Ahmed | ||
| 650 |
_aEnglish drama _913358 |
||
| 653 | _aEnglish drama -- Early modern and Elizabethan, 1500-1600. | ||
| 700 | 1 |
_aFisher, Jacqueline. _913359 |
|
| 830 | 0 |
_aLongman literature Shakespeare _912323 |
|
| 856 | 4 | 2 |
_3WorldCat details _uhttp://www.worldcat.org/title/julius-caesar/oclc/30110941&referer=brief_results |
| 856 | 4 | 0 |
_3Ebook Fulltext _uhttp://lib.ewubd.edu/ebook/3215 |
| 942 |
_2ddc _cTEXT _05 |
||
| 999 |
_c3215| 4 | 4 | 4 | 4 | 4 _d3215 |
||
| 999 |
_c3215| 4 | 4 | 4 | 4 | 4 _d3215| 4 | 4 | 4 | 4 | 4 |
||
| 999 |
_c3215 _d3215 |
||